| 000 | 00773cam a2200253 4500 | ||
|---|---|---|---|
| 001 | 1247880 | ||
| 003 | ASAB | ||
| 005 | 20180827062620.0 | ||
| 008 | 721122s1971 enka b 000 0 eng | ||
| 010 | _a 72194504 | ||
| 015 | _aB72-04965 | ||
| 020 | _a0854040161 | ||
| 040 |
_aDLC _cASAB _dDLC |
||
| 050 | 0 | 0 |
_aQD1 _b.R6785 no. 17 _aQP514.2 |
| 082 | 0 | 0 |
_a540/.8 s _a574.1/92 |
| 100 | 1 |
_aFrederick A. Bettelheim, Wiiliam H. Brown, Jerry March _91579 |
|
| 245 | 1 | 3 |
_aIntroduction to General, Organic, and Biochemistry biochemistry _c[by] Frederick A. Bettelheim. |
| 250 | _aSeventh Edition | ||
| 300 |
_aiii, 758 p. _billus. _c22 cm. |
||
| 350 | _a£0.70 | ||
| 650 | 0 |
_aBiochemistry. _91580 |
|
| 906 |
_a7 _bcbc _corignew _d4 _encip _f19 _gy-gencatlg |
||
| 942 |
_2ddc _cBK |
||
| 999 |
_c480021 _d480021 |
||